000 01290nam a2200349 i 4500
001 000025693
003 DO-SdBNP
005 20251105070923.0
007 ta
008 090702s1995 dr ac 000 0 spa d
020 _a8449993067
040 _aDO-SdBNP
_bspa
_cBNPHU
_erda
041 _aspa
082 4 _a972.93052
_bB171i 1995
_222
100 1 _a Balaguer, Joaquín,
_d1906-2002
_eautor
_4aut.
_976556
245 1 3 _aLa isla al revés :
_bHaití y el destino dominicano /
_cJoaquín Balaguer.
250 _aNovena edición
264 4 _aSanto Domingo :
_bEditora Corripio,
_c©1995.
300 _a257 páginas :
_bilustraciones, retratos ;
_c23 cm.
336 _atexto
_btxt
_2rdacontent
337 _asin mediación
_bn
_2rdamedia
338 _avolumen
_bnc
_2rdacarrier
500 _aIncluye referencias bibliográficas y notas al píe de las páginas
504 _aBibliografía : páginas 249-257
590 _aInventariado, 2019/MFF
651 4 _aRepública Dominicana
_xHistoria
_yOcupación haitiana,1822-1844
_97666
651 4 _aRepública Dominicana
_xHistoria
_y1844-1930
_91009
651 4 _aRepública Dominicana
_xRelaciones
_zHaití
_95153
651 4 _aHaiti
_xRelaciones
_zRepública Dominicana
_92614
910 _aValidado. Control de calidad MFF
942 _2ddc
_cLBS1
999 _c25185
_d25185